Out Of Time - The Weeknd Lyrics - Statistics

General Stats
  • This quiz has been taken 288 times
  • The average score is 242 of 281
Answer Stats
Hint Lyrics % Correct
I
99%
time
98%
of
97%
out
97%
Verse1 The
97%
the
97%
you
97%
You
97%
you,
97%
I'm
96%
a
95%
but
93%
But
93%
love
93%
my
93%
there
93%
girl,
92%
me,
92%
me
92%
so
92%
to
92%
been
91%
for
91%
Chorus Say
91%
baby
90%
Baby,
90%
in
89%
I've
89%
much
89%
on
89%
who
89%
life
88%
when
87%
your
87%
and
86%
Pre-C And
86%
he
86%
that
86%
few
85%
last
85%
now
85%
Now
85%
one
85%
workin'
85%
trauma
84%
care
83%
I'll
83%
months,
83%
realize
83%
remember
83%
back
82%
back,
82%
make
82%
held
81%
There's
81%
up
81%
mind
80%
look
79%
made
79%
mine,
79%
ones
79%
can't
77%
with
77%
cold
76%
stay
76%
too
76%
eyes
74%
him
74%
loved
74%
from
73%
know
73%
little
73%
Said
73%
come
71%
Verse2 If
71%
late
71%
right
71%
keep
70%
like
70%
tell
70%
didn't
69%
drowning
69%
just
69%
don't
68%
all
67%
begged
66%
loving
66%
regret
66%
line
64%
trust
64%
mess
63%
Then
61%
Intro2x Yeah
61%
chance,
59%
treat
59%
Give
58%
had
49%
myself,
49%
Outro Ooh,
48%
singin',
40%
shoulda
11%
No matching quizzes found
Score Distribution
Percent of People with Each Score
Percentile by Number Answered
Your Score History
You have not taken this quiz